LEADER 01106nam0-22003371i-450 001 990001721080403321 005 20191023094351.0 035 $a000172108 035 $aFED01000172108 035 $a(Aleph)000172108FED01 035 $a000172108 100 $a20030910d1986----km-y0itay50------ba 101 0 $aita 200 1 $aIgiene pubblica$einquinamenti ambientali tutela igienico-sanitaria, abitato, acqua, aria, suolo e ambienti di lavoro,legislazione nazionale e CEE - giurisprudenza 250 circolari ministeriali$fa cura di Egidio, Lionella e Lionello Rizzatti 205 $a6. ed. 210 $aMilano$cPirola Ed.$d1986 215 $a1032 p.$d24 cm 610 0 $aLegislazione ambientale 610 0 $aInquinamento ambientale 610 0 $aAmbiente$aInquinamento 676 $a344.046 702 1$aRizzatti,$bEgidio 702 1$aRizzatti,$bLionello 702 1$aRizzatti,$bLionello 801 0$aIT$bUNINA$gRICA$2UNIMARC 901 $aBK 912 $a990001721080403321 952 $a60 344.046 RIZE 1986$b819$fFAGBC 959 $aFAGBC 996 $aIgiene pubblica$9360309 997 $aUNINA LEADER 02666 am 2200493 n 450 001 9910418047903321 005 20190523 010 $a2-7574-2256-1 024 7 $a10.4000/books.septentrion.54578 035 $a(CKB)4100000010570995 035 $a(FrMaCLE)OB-septentrion-54578 035 $a(oapen)https://directory.doabooks.org/handle/20.500.12854/45610 035 $a(PPN)243313047 035 $a(EXLCZ)994100000010570995 100 $a20200312j|||||||| ||| 0 101 0 $afre 135 $auu||||||m|||| 181 $ctxt$2rdacontent 182 $cc$2rdamedia 183 $acr$2rdacarrier 200 10$aD?or et de cendres $eLa mort et les funérailles des princes dans le royaume de France au bas Moyen Âge /$fMurielle Gaude-Ferragu 210 $aVilleneuve d'Ascq $cPresses universitaires du Septentrion$d2019 215 $a1 online resource (412 p.) 311 $a2-85939-878-3 330 $aLes funérailles sont à la fin du Moyen Âge l?une des grandes cérémonies mettant en scène le pouvoir souverain. A l?image du Christ, qui triomphe de la mort par la résurrection, le prince défunt, plus humblement, triomphe de l?oubli par un faste funèbre impressionnant qui marque durablement les mémoires. La présente étude entreprend de le suivre depuis son décès jusqu?à sa dernière demeure, à travers des cérémonies religieuses, chevaleresques et politiques complexes, qui offrent de nombreuses similitudes avec le rituel royal. De multiples questions, objets de débats historiographiques, sont envisagées, comme la signification de l?effigie, simple ou double corps du prince, la place des funérailles dans les cérémonies d?inauguration ou l?intérêt porté au c?ur du défunt. En restituant le prince dans sa majesté, les funérailles sont non seulement un rituel essentiel pour comprendre la spiritualité et les mentalités médiévales, mais également l?indice d?une histoire politique subtile, à l?ombre du trône royal. 606 $aFuneral rites and ceremonies$zFrance$xHistory$yTo 1500 607 $aFrance$xKings and rulers$xDeath 607 $aFrance$xHistory$yMedieval period, 987-1515 610 $afunéraille 610 $ahistoire 610 $amort 610 $aRoyaume de France 610 $acendre 610 $aMoyen-Âge 610 $aprince 615 0$aFuneral rites and ceremonies$xHistory 676 $a393.086/210944 700 $aGaude-Ferragu$b Murielle$01063640 701 $aBeaune$b Colette$0183826 801 0$bFR-FrMaCLE 906 $aBOOK 912 $a9910418047903321 996 $aD?or et de cendres$93033924 997 $aUNINA LEADER 06365nam 22007095 450 001 9910495208603321 005 20251202161840.0 010 $a9783030738518 010 $a3030738515 024 7 $a10.1007/978-3-030-73851-8 035 $a(CKB)4100000011999070 035 $a(MiAaPQ)EBC6700012 035 $a(Au-PeEL)EBL6700012 035 $a(DE-He213)978-3-030-73851-8 035 $a(PPN)259467685 035 $a(EXLCZ)994100000011999070 100 $a20210813d2021 u| 0 101 0 $aeng 135 $aurcnu|||||||| 181 $ctxt$2rdacontent 182 $cc$2rdamedia 183 $acr$2rdacarrier 200 10$aCampaigning on Facebook in the 2019 European Parliament Election $eInforming, Interacting with, and Mobilising Voters /$fedited by Jörg Haßler, Melanie Magin, Uta Russmann, Vicente Fenoll 205 $a1st ed. 2021. 210 1$aCham :$cSpringer International Publishing :$cImprint: Palgrave Macmillan,$d2021. 215 $a1 online resource (335 pages) 225 1 $aPolitical Campaigning and Communication,$x2662-5903 311 08$a9783030738501 311 08$a3030738507 327 $aPart I Framework -- 1. Campaigning for Strasbourg on Facebook: Introduction to a 12-Country Comparison on Parties? Facebook Campaigns in the 2019 European Parliament Election -- 2. Social Media as a Campaigning Tool in Elections: Theoretical Considerations and State of Research -- 3. Analysing European Parliament Election Campaigns Across 12 Countries: A Computer-Enhanced Content Analysis Approach -- Part II The European Election Campaign 2019 in 12 European Countries: Country Analyses -- 4. With Greetings from Ibiza: The 2019 EP Election in Austria -- 5. A Day Off During the 2019 Folketing Election Campaign: Political Parties? Use of Facebook in the EP Election in Denmark -- 6. France: Parties? Communication Strategies After the 2017 Earthquake -- 7. European Issues, but National Campaigning of German Parties -- 8. Same Strategy, but Different Content. Hungarian Parties? Facebook Campaign During the 2019 EP Election -- 9. When Nothing Happened But Much Changed: How Political Parties inIreland Used Facebook in the 2019 EP Election Campaign -- 10. The 2019 EP Election in Italy: A ?Titanic? Victory for Salvini?s League -- 11. It is Only a Drill: the 2019 EP Election Campaign on Facebook in Poland as a Testing Ground Before the Autumn Parliamentary Elections -- 12. Romania: Internal Affairs Set the Agenda of the 2019 EP Election Campaign -- 13. Spain and Facebook in the 2019 EP Election Campaign -- 14. Sceptical Sweden: Right-wingers Dominate, Traditional Campaigning Permeates During the 2019 EP Election -- 15. The UK: The Post-Brexit, Ghost Election -- Part III The European Election Campaign 2019 in 12 European Countries: Focused Analyses -- 16. European Party Groups: Transnational Continuation or Complement of European National Parties? -- 17. Populism on Facebook -- 18. Political Advertising on Facebook -- Part IV Conclusion -- 19. Information Greater than Mobilisation Greater than Interaction: Contours of a Pan-European Style of Social Media Campaigning. 330 $a?This remarkable book is the outcome of an international collaborative endeavour. It clearly shows that social networks have finally become an integral part of European election campaigns. With its careful methodological design, the study impressively demonstrates the particular value of cross-border comparisons and the need for research to take the national context into account.? ?Christina Holtz-Bacha, Friedrich-Alexander University Erlangen-Nürnberg, Germany ?A timely and stimulating book covering recent European Parliament elections in twelve nations. The common methodological background produces sound and comparable results, and its comprehensive language and broad scope of cases make this book a perfect fit for researchers, policymakers and citizens attentive to social media?s role in elections.? ?Karolina Koc-Michalska, Audencia Business School, France This book investigates howpolitical parties from 12 European countries used Facebook to inform, interact with and mobilise voters at the 2019 European Parliament election. Following a joint theoretical framework and method, the results of a content analysis of more than 14,000 Facebook posts are presented. Country specific chapters are followed by analyses of European parties? Facebook campaigning, the spread of populism and the use of Facebook ads by the parties. The final chapter compares all countries showing that campaigns are more strongly shaped by the national than by the European political context. Facebook is used for campaigning as usual; parties inform and persuade but neglect the platform?s mobilisation and particularly interactive affordances. Jörg Haßler is Head of the junior research group ?Digital Democratic Mobilization in Hybrid Media Systems? at LMU Munich, Germany. Melanie Magin is Associate Professor at the Norwegian University of Science and Technology (NTNU), Trondheim, Norway. Uta Russmann is Professor at the FHWien der WKW University of Applied Sciences of Management & Communication, Austria. Vicente Fenoll is Associate Professor at the University of Valencia, Spain. 410 0$aPolitical Campaigning and Communication,$x2662-5903 606 $aElections 606 $aCommunication in politics 606 $aSocial media 606 $aComparative government 606 $aEurope$xPolitics and government 606 $aElectoral Politics 606 $aPolitical Communication 606 $aSocial Media 606 $aComparative Politics 606 $aEuropean Politics 615 0$aElections. 615 0$aCommunication in politics. 615 0$aSocial media. 615 0$aComparative government. 615 0$aEurope$xPolitics and government. 615 14$aElectoral Politics. 615 24$aPolitical Communication. 615 24$aSocial Media. 615 24$aComparative Politics. 615 24$aEuropean Politics. 676 $a302.30285 676 $a324.940561 702 $aHassler$b Jo?rg 801 0$bMiAaPQ 801 1$bMiAaPQ 801 2$bMiAaPQ 906 $aBOOK 912 $a9910495208603321 996 $aCampaigning on Facebook in the 2019 European Parliament Election$92196246 997 $aUNINA